Statistics for anatomy 2

Click here to take the quiz!

General Stats

  • This quiz has been taken 7 times
  • The average score is 5 of 20

Answer Stats

12% Correct
Armpitaxillary
60%
buttgluteal
60%
back of kneepopliteal
60%
chestthoracic
60%
ribscostal
40%
point of shoulderacromial
20%
cheekbuccal
20%
headcephalic
20%
neckcervical
20%
thighfemoral
20%
groininguinal
20%
lower backlumbar
20%
chinmental
20%
sole of footplanter
20%
thumbpollex
20%
genital regionpubic
20%
forearmantebrachial
0%
back of elbowcubital
0%
base of skulloccipital
0%
region between anus & external genitaliaperineal
0%

Score Distribution

Percentile by Number Answered

Percent of People with Each Score

Your Score History

You have not taken this quiz